Największe Miasta nad Wołgą - Statystyki

Ogólne statystyki
  • Ten quiz został rozwiązany 16 razy
  • Średni wynik to 6 z 19
Statystyki odpowiedzi
Populacja Miasto % Poprawnych
1,257mln. Kazań
79%
529tys. Astrachań
64%
1,244mln. Niżny Nowogród
64%
1,008mln. Wołgograd
64%
1,156mln. Samara
50%
838tys. Saratów
50%
608tys. Jarosław
43%
721tys. Toljatti
43%
627tys. Uljanowsk
36%
227tys. Engels
29%
425tys. Twer
21%
276tys. Kostroma
14%
323tys. Wołżsk
14%
497tys. Czeboksary
7%
187tys. Bałakowo
0%
109tys. Kamyszyn
0%
184tys. Rybińsk
0%
167tys. Syzrań
0%
100tys. Zielonodolsk
0%
Nie znaleziono quizów pasujących do podanych kryteriów
Rozkład punktacji
Procent ludzi z każdym wynikiem
Percentyl według liczby udzielonych odpowiedzi
Twoja historia wyników
Nie rozwiązałeś tego quizu